000 00717nam a2200229Ia 4500
003 GCL
008 140319s9999 xx 000 0 ara d
040 _aGCL /
_cGCL
082 0 4 _a796.31
_bل ك
100 1 _aلانجريوف، جيرد
245 1 0 _aكرة اليد للناشئين وتلامذةالمدارس /
_cلانجريوف، جيرد
700 1 _aزينب الخضارى (مراجع)
700 1 _aكمال عبدالحميد
260 _a[S.N] :
_bدار الفكر العربى ،
_c1978
300 _a444 ص
490 _a
650 0 4 _aتدريب
650 0 4 _aكرة اليد
650 0 4 _aالالعاب الجماعية
650 0 4 _aالالعاب الحركية
942 _2ddc
_cBK
999 _c32948
_d32948